Grammar in practice

Đã lưu trong:
Chi tiết về thư mục
Tác giả chính: Seidl, Jennifer (Tác giả)
Định dạng: Sách
Ngôn ngữ:Tiếng Anh
Được phát hành: Oxford Oxford University Press 1981
Những chủ đề:
Các nhãn: Thêm thẻ
Không có thẻ, Là người đầu tiên thẻ bản ghi này!

MARC

LEADER 00000nam a2200000 a 4500
001 UCQ3275
003 CL-VaPUC
008 980817e19810000UK |||||||||||||||||eng|d
082 0 4 |a 425  |b SEI  |2 21 
100 0 |a Seidl, Jennifer  |e author  |9 417322 
245 1 0 |a Grammar in practice 
300 |a 156 p 
942 |c BK 
945 |d 19980817 00:00:00  |a crobeson 
260 |a Oxford  |b Oxford University Press  |c 1981 
650 0 |a Inglés  |9 260023 
650 0 |a Gramática  |9 270497 
650 0 |a Morfología  |9 334440 
650 7 |a LINGUISTICA DESCRIPTIVA  |2 CL-VaPUC  |9 417323 
650 0 |a Enseñanza de idiomas  |9 339820 
650 0 |a Educación lingüística  |9 306506 
583 |a last modification  |c 19980817 00:00:00  |k Rodrigo Vera 
999 |c 273871  |d 273869 
952 |0 0  |1 0  |4 0  |6 425_000000000000000_SEI_1981  |7 0  |8 A  |9 309817  |a BIBEDU  |b BIBEDU  |d 2019-11-20  |i 1454943  |o 425 SEI 1981  |p 1454943  |r 2019-11-20  |w 2019-11-20  |y BK  |k LIT